000 00833cab a2200253 4500
001 WB3014-79
008 090401t1994 xxu||||| |||| 00| 0 eng d
035 _a(Sirsi) u24418
041 _aeng
245 _aRICS constitution bows to criticisms
260 _c1994
350 _a0
490 _aProperty Week
_v47(1) 7 April 1994, 8
490 _aRICS Press Release
_v(PR46/94corp) 30 March 1994 (4)
520 _aAn RICS white paper, `Reform of the Constitution` is published. Reforms are proposed for General Council, Management Board and the divisions. Other reforms are listed.
650 _aCONSTITUTION
650 _aCONSTITUTIONAL REFORM
650 _aCUBBON REPORT
650 _aREFORM
650 _aRICS
690 _aMANAGEMENT-BUSINESS MANAGEMENT-PROFESSIONAL PRACTICE
942 _n0
948 _c04/03/1997
999 _c16374
_d16374